Statistiques concernant Pokémon par Habitat- Forêts

Cliquez ici pour prendre le quiz!

Statistiques générales

  • Ce quiz a été pris 18 fois
  • Le résultat moyen est 44 sur 71

Statistiques - réponses

PagesPokémon% Correct
Page 1Chenipan
91%
Armulys
82%
Page 2Aspicot
82%
Page 4Blindalys
82%
Charmillon
82%
Page 3Chenipotte
82%
Chrysacier
82%
Coconfort
82%
Dardargnan
82%
Papilusion
82%
Papinox
82%
Pikachu
82%
Raichu
82%
Aéromite
73%
Page 25Arcko
73%
Page 20Capumain
73%
Page 26Celebi
73%
Page 12Coxy
73%
Coxyclaque
73%
Foretress
73%
Page 10Grainipiot
73%
Jungko
73%
Massko
73%
Migalos
73%
Mimigal
73%
Page 11Mimitoss
73%
Page 7Pichu
73%
Pifeuil
73%
Roucarnage
73%
Page 5Roucool
73%
Roucoups
73%
Tengalice
73%
Tropius
73%
Balignon
64%
Boustiflor
64%
Chapignon
64%
Page 8Chétiflor
64%
Empiflor
64%
Monaflèmit
64%
Page 9Paras
64%
Parasect
64%
Page 16Parecool
64%
Page 15Pomdepik
64%
Vigoroth
64%
Page 6Hoothoot
55%
Kecleon
55%
Munja
55%
Page 13Ningale
55%
Ninjask
55%
Noadkoko
55%
Noarfang
55%
Page 19Noeunoeuf
55%
Altaria
45%
Cerfrousse
45%
Delcatty
45%
Lumivole
45%
Page 14Muciole
45%
Natu
45%
Page 21Scarabrute
45%
Scarhino
45%
Page 17Skitty
45%
Page 22Tylton
45%
Xatu
45%
Yanma
45%
Page 18Cornèbre
36%
Simularbre
36%
Farfuret
27%
Page 23Skelénox
27%
Téraclope
27%
Page 24Togepi
27%
Togetic
27%

Distribution des résultats

Percentile par nombre de réponses

% des personnes avec chaque résultat

Votre développement - résultats

Vous n’avez pas pris ce quiz